All 7 Letter Words that Begin With J - Statistics

General Stats
  • This quiz has been taken 9 times
  • The average score is 106 of 479
Answer Stats
% Correct
jabbers
100%
jacking
100%
jesting
100%
jumping
100%
jackals
88%
jackets
88%
jamming
88%
jangled
88%
jangler
88%
jangles
88%
jerking
88%
jesters
88%
jinxing
88%
jousted
88%
juggled
88%
juggler
88%
juggles
88%
jumpers
88%
jungled
88%
jungles
88%
jabbing
75%
jaggers
75%
jagging
75%
jaguars
75%
jailers
75%
jailing
75%
jammers
75%
jammies
75%
jarring
75%
jeerers
75%
jeering
75%
jellied
75%
jerkers
75%
jetting
75%
jeweler
75%
jiggers
75%
jiggles
75%
jimmies
75%
jockeys
75%
joining
75%
jollier
75%
joshing
75%
journal
75%
journey
75%
jouster
75%
Jovials
75%
judgers
75%
judging
75%
juniors
75%
junking
75%
justice
75%
justify
75%
jutting
75%
jammier
63%
jargons
63%
jaspers
63%
jaunted
63%
jazzing
63%
jealous
63%
jellies
63%
jelling
63%
jetters
63%
jeweled
63%
jibbers
63%
jigging
63%
jiggled
63%
jingled
63%
jingler
63%
jingles
63%
jobbing
63%
jobbles
63%
jockers
63%
joggers
63%
jogging
63%
joiners
63%
jollies
63%
joshers
63%
jostled
63%
jostler
63%
jostles
63%
jumbled
63%
jumbles
63%
juniper
63%
justing
63%
jackers
50%
jackies
50%
jaywalk
50%
jazzier
50%
jibbing
50%
jigsaws
50%
jimmied
50%
jitters
50%
jittery
50%
jobless
50%
joinery
50%
jointed
50%
jolting
50%
jotting
50%
juggers
50%
jugging
50%
juicers
50%
juicier
50%
juicing
50%
junkers
50%
junkier
50%
jurists
50%
Jackson
38%
jambers
38%
jankers
38%
jankier
38%
January
38%
jarhead
38%
jasmine
38%
jawbone
38%
jazzily
38%
jeepers
38%
jeeping
38%
jegging
38%
jennies
38%
jerkies
38%
jerseys
38%
Jesuits
38%
jobbers
38%
jodhpur
38%
jointer
38%
jointly
38%
jollied
38%
jolters
38%
joltier
38%
jotters
38%
joyless
38%
jubilee
38%
Judaism
38%
jugular
38%
juicery
38%
jukebox
38%
jumpier
38%
junkies
38%
Jupiter
38%
jabbles
25%
jabroni
25%
jackass
25%
jackdaw
25%
jackpot
25%
Jacobus
25%
jaggery
25%
jaggier
25%
jailors
25%
jalapin
25%
janitor
25%
javelin
25%
jawless
25%
jaybird
25%
jazzman
25%
jazzmen
25%
Jehovah
25%
jemmies
25%
jeopard
25%
jerboas
25%
jerkier
25%
jerkins
25%
jiffies
25%
jimjams
25%
Johnson
25%
josephs
25%
jowlers
25%
jucking
25%
judders
25%
judices
25%
jughead
25%
jujitsu
25%
jujubes
25%
junkets
25%
jurring
25%
jurying
25%
jabbled
13%
jacamar
13%
jacinth
13%
jackleg
13%
jackman
13%
jackmen
13%
Jacobin
13%
jaconet
13%
jadeite
13%
jaegers
13%
jalouse
13%
jambeau
13%
jambone
13%
jamokes
13%
jampans
13%
janders
13%
jannock
13%
Japlish
13%
japygid
13%
jarabes
13%
jarfuls
13%
jargony
13%
jarsful
13%
jarveys
13%
jassids
13%
jauking
13%
jaunced
13%
jawfish
13%
jawlike
13%
jawline
13%
Jaycees
13%
jayhawk
13%
jayvees
13%
jeepney
13%
jellaba
13%
jellify
13%
jennets
13%
Jerries
13%
jetbead
13%
jettied
13%
jetties
13%
jewelly
13%
jewelry
13%
jewfish
13%
Jezebel
13%
jibaros
13%
jiblets
13%
jicamas
13%
jiggets
13%
jiggier
13%
jilters
13%
jilting
13%
jingoes
13%
jinkers
13%
jinnies
13%
jitneys
13%
jizyahs
13%
joaning
13%
jobsite
13%
jocular
13%
joggled
13%
joggler
13%
joggles
13%
johnnie
13%
joinder
13%
jojobas
13%
jokiest
13%
jollily
13%
jolling
13%
jonesed
13%
jonquil
13%
joropos
13%
joskins
13%
jounced
13%
jounces
13%
journos
13%
jowlier
13%
joyance
13%
joypads
13%
joypops
13%
joyride
13%
jubbahs
13%
jubilus
13%
Judaist
13%
Judases
13%
judicia
13%
jugated
13%
juggins
13%
juicily
13%
Jungian
13%
jussive
13%
juttied
13%
jutties
13%
jabirus
0%
jacales
0%
jacanas
0%
jacares
0%
jacates
0%
jackboy
0%
jackeen
0%
jackrod
0%
Jacunda
0%
jadedly
0%
jadiest
0%
jaditic
0%
Jagatai
0%
jageers
0%
Jagello
0%
jaggars
0%
jagheer
0%
jaghire
0%
jaghirs
0%
jagless
0%
jagueys
0%
Jahvism
0%
Jahvist
0%
Jahwism
0%
Jahwist
0%
Jainism
0%
Jaipuri
0%
jajmani
0%
jajmans
0%
jamadar
0%
jambees
0%
jambool
0%
jambosa
0%
jambous
0%
jambuls
0%
Jamshid
0%
Jamshyd
0%
jamwood
0%
janapan
0%
janapas
0%
Janeite
0%
jangada
0%
Japheth
0%
Japonic
0%
jaquima
0%
jaragua
0%
jaranas
0%
Jarawas
0%
jarbird
0%
jarbots
0%
jargoon
0%
jarinas
0%
Jarisch
0%
jarkman
0%
jarkmen
0%
jarless
0%
jarlite
0%
jarools
0%
jarrahs
0%
jarvies
0%
Jasione
0%
jasmone
0%
jaspery
0%
jatacos
0%
Jatakas
0%
jatobas
0%
jaudies
0%
jaunces
0%
jaunder
0%
jauping
0%
jawfeet
0%
jawfoot
0%
jawhole
0%
jaygees
0%
jaypies
0%
jaypiet
0%
jazeran
0%
Jazyges
0%
jazzbow
0%
jazzist
0%
jecorin
0%
Jeghers
0%
jejunal
0%
jejunum
0%
jelicks
0%
jemadar
0%
jenoars
0%
jeofail
0%
jerican
0%
jerkily
0%
jervine
0%
jessamy
0%
jessurs
0%
jestees
0%
jetlike
0%
jetness
0%
jetport
0%
jetsams
0%
jettage
0%
jetteau
0%
jettons
0%
Jettrus
0%
jetware
0%
Jewries
0%
jezails
0%
Jhangar
0%
jharals
0%
jibbahs
0%
jibboom
0%
jibhead
0%
jiboyas
0%
jibstay
0%
Jicaque
0%
jicaras
0%
jiggety
0%
jiggish
0%
jihadis
0%
jikungu
0%
jillets
0%
jillion
0%
jiltees
0%
jimminy
0%
jimpest
0%
jimping
0%
jinetes
0%
jinglet
0%
jinjili
0%
jinking
0%
jirgahs
0%
Jivaran
0%
Jivaros
0%
jiviest
0%
joannes
0%
jobbery
0%
Jocasta
0%
Jocisms
0%
Jocists
0%
jocotes
0%
jocumas
0%
joebush
0%
joewood
0%
johnins
0%
jokelet
0%
jollify
0%
jollity
0%
jollofs
0%
Jonases
0%
joneses
0%
jonnock
0%
jookery
0%
Jorists
0%
jornada
0%
jorrams
0%
joseite
0%
jossers
0%
Jotnian
0%
Jotunns
0%
joukery
0%
jouking
0%
jowered
0%
jowters
0%
Joycean
0%
joyrode
0%
joysome
0%
juamave
0%
Juaneno
0%
Judaean
0%
Judaica
0%
Judaize
0%
judcock
0%
judesmo
0%
judezmo
0%
judgess
0%
judoist
0%
judokas
0%
jugales
0%
Jugatae
0%
jugfuls
0%
Juglans
0%
Juglars
0%
juglone
0%
jugsful
0%
jugulum
0%
jujutsu
0%
Julidae
0%
Juliett
0%
Jumadas
0%
Jumanos
0%
jumarts
0%
jumbies
0%
jumbuck
0%
jumelle
0%
juments
0%
juncoes
0%
jundied
0%
jundies
0%
Junebud
0%
junglis
0%
junkman
0%
junkmen
0%
junonia
0%
jupatis
0%
jupatys
0%
jurally
0%
juraras
0%
juratas
0%
juridic
0%
juryman
0%
jurymen
0%
justest
0%
jyngine
0%
No matching quizzes found
Score Distribution
Percent of People with Each Score
Percentile by Number Answered
Your Score History
You have not taken this quiz